[Event "ThEM  Hauptturnier"]
[Site "?"]
[Date "2000.04.20"]
[Round "2"]
[White "Pfitzenreuter, Gerald"]
[Black "Böhl, Dietmar"]
[Result "1-0"]
[WhiteElo "2035"]
[BlackElo "1800"]
[PlyCount "61"]
[EventDate "2000.??.??"]

1. d4 Nf6 2. c4 g6 3. Nc3 Bg7 4. e4 O-O 5. f3 c6 6. Be3 d5 7. e5 Ne8 8. cxd5
cxd5 9. Qd2 Nc7 10. h4 f6 11. h5 g5 12. h6 Bh8 13. Bxg5 fxe5 14. dxe5 Bxe5 15.
O-O-O d4 16. Bc4+ Kh8 17. Ne4 Bf5 18. f4 Bxe4 19. fxe5 Nc6 20. Qe2 Bd5 21. Nf3
Ne6 22. Bd2 Nf4 23. Bxf4 Rxf4 24. Kb1 Re4 25. Qf1 Rc8 26. Bxd5 Qxd5 27. Ng5 Nb4
28. b3 Re3 29. Rh3 Qc5 30. Qf5 Nd3 31. Qxh7# 1-0

[Event "ThEM Hauptturnier"]
[Site "?"]
[Date "2000.04.20"]
[Round "2"]
[White "Kreutzmann, Henry"]
[Black "Krug, Klaus-Peter"]
[Result "0-1"]
[WhiteElo "1710"]
[BlackElo "1931"]
[PlyCount "70"]
[EventDate "2000.??.??"]

1. e4 c5 2. Nf3 e6 3. d4 cxd4 4. Nxd4 a6 5. Nc3 Nf6 6. e5 Ng8 7. f4 d5 8. Be2
b5 9. O-O Qb6 10. Kh1 Nc6 11. Nxc6 Qxc6 12. f5 Ne7 13. fxe6 Bxe6 14. Bg5 b4 15.
Nb1 Ng6 16. Bg4 Nxe5 17. Bxe6 Qxe6 18. Re1 Bd6 19. Bf4 O-O 20. Qd4 Nf3 21. Rxe6
Nxd4 22. Rxd6 Nxc2 23. Rxd5 Nxa1 24. Nd2 Rad8 25. Ra5 Rfe8 26. h3 f6 27. Rxa6
g5 28. Bd6 Nc2 29. Nc4 Ra8 30. Rxa8 Rxa8 31. a3 b3 32. Nb6 Ra6 33. Bc5 Kf7 34.
Kg1 Nxa3 35. Nd7 Nc4 0-1

[Event "ThEM  Hauptturnier"]
[Site "?"]
[Date "2000.04.20"]
[Round "2"]
[White "Umpfenbach, Carolin"]
[Black "Manger, Erika"]
[Result "1-0"]
[WhiteElo "1882"]
[BlackElo "1310"]
[PlyCount "75"]
[EventDate "2000.??.??"]

1. d4 d5 2. c4 e6 3. Nc3 Nf6 4. Bg5 Be7 5. Nf3 O-O 6. e3 Nbd7 7. Rc1 h6 8. Bh4
Ne4 9. Bxe7 Qxe7 10. cxd5 Nxc3 11. Rxc3 exd5 12. Rxc7 Qb4+ 13. Qd2 Qb6 14. Rc1
Nf6 15. Bd3 Be6 16. O-O Rac8 17. Ne5 Ne4 18. Qe2 Rc7 19. f3 Nd6 20. Rxc7 Qxc7
21. a3 f6 22. Ng6 Re8 23. Qd2 Bf5 24. Nf4 Bxd3 25. Qxd3 Qf7 26. Re1 g5 27. Nh3
f5 28. Nf2 f4 29. e4 dxe4 30. Nxe4 Nc4 31. Nf6+ Qxf6 32. Rxe8+ Kf7 33. Rc8 Nd6
34. Rc1 Kg7 35. Re1 Nf5 36. Re5 Ne3 37. Qb5 b6 38. Qd7+ 1-0

[Event "ThEM  Hauptturnier"]
[Site "?"]
[Date "2000.04.20"]
[Round "2"]
[White "Grüner, Nico"]
[Black "Peil, Jörg"]
[Result "0-1"]
[WhiteElo "1089"]
[BlackElo "1817"]
[PlyCount "82"]
[EventDate "2000.??.??"]

1. e4 c6 2. d4 d5 3. Nc3 dxe4 4. Nxe4 Bf5 5. Ng3 Bg6 6. Nf3 e6 7. Ne5 Nd7 8.
Nxg6 hxg6 9. Bd3 Ngf6 10. Bf4 Qb6 11. c3 Qxb2 12. Bd2 Nb6 13. O-O Bd6 14. Qe2
Qa3 15. Rfb1 O-O-O 16. Rb3 Qa4 17. c4 Bxg3 18. fxg3 Rxd4 19. Be3 Rd7 20. Bxb6
axb6 21. Rxb6 Rhd8 22. Rb3 Qa7+ 23. Kh1 Qd4 24. Rab1 Ng4 25. Rf1 Nxh2 26. Rf4
Qa1+ 27. Rb1 Qc3 28. Kxh2 Rh8+ 29. Kg1 Rxd3 30. Rxf7 Qd4+ 31. Rf2 Qxc4 32. Qb2
Rd7 33. Rf4 Qc5+ 34. Rf2 Rf8 35. Rbf1 Rdf7 36. Qe2 Rxf2 37. Rxf2 Qxf2+ 38. Qxf2
Rxf2 39. Kxf2 Kd7 40. Ke3 Kd6 41. Kd4 b5 0-1

[Event "ThEM  Meisterturnier"]
[Site "?"]
[Date "2000.04.20"]
[Round "2"]
[White "Fischer, Kay"]
[Black "Seidel, Thomas"]
[Result "1/2-1/2"]
[WhiteElo "2009"]
[BlackElo "1923"]
[PlyCount "114"]
[EventDate "2000.??.??"]

1. d4 e6 2. e4 d5 3. Nc3 Nf6 4. e5 Nfd7 5. f4 c5 6. Nf3 Nc6 7. Be3 a6 8. Qd2
Be7 9. O-O-O cxd4 10. Nxd4 Nxd4 11. Bxd4 b5 12. Qf2 Qc7 13. h4 Bc5 14. Ne2 Bb7
15. Rh3 Bxd4 16. Nxd4 Nc5 17. Nb3 Ne4 18. Qd4 O-O 19. Bd3 f5 20. Bxe4 dxe4 21.
Rc3 Qd8 22. Qd7 Bd5 23. Nc5 Qxd7 24. Nxd7 Rfc8 25. Rg3 Rd8 26. Nf6+ Kh8 27.
Nxd5 exd5 28. Rd4 Rac8 29. b3 g6 30. Kd2 Kg7 31. h5 Rc6 32. hxg6 hxg6 33. Rc3
Rxc3 34. Kxc3 Rc8+ 35. Kd2 Rd8 36. c4 bxc4 37. bxc4 Rb8 38. cxd5 Kf7 39. Ke3
Ke8 40. Rc4 Kd8 41. Rc6 Rb5 42. Rxa6 Rxd5 43. Rxg6 Rd3+ 44. Ke2 Ra3 45. Rd6+
Ke7 46. Rd2 Kf7 47. Rb2 Kg6 48. Kf2 Kh5 49. g3 Ra6 50. e6 Rxe6 51. Rb8 Ra6 52.
Rh8+ Kg6 53. Rg8+ Kf6 54. Rf8+ Ke6 55. Re8+ Kf7 56. Re5 Rxa2+ 57. Kg1 Kf6
1/2-1/2

[Event "ThEM Meisterturnier"]
[Site "?"]
[Date "2000.04.20"]
[Round "2"]
[White "Recknagel, Michael"]
[Black "Kirschbaum, Gunnar"]
[Result "1/2-1/2"]
[WhiteElo "2212"]
[BlackElo "2111"]
[PlyCount "48"]
[EventDate "2000.??.??"]

1. e4 d6 2. d4 Nf6 3. Nc3 g6 4. Be2 Bg7 5. h4 c5 6. dxc5 Qa5 7. Qd3 Qxc5 8. Be3
Qa5 9. h5 gxh5 10. Nh3 Nc6 11. O-O-O Bd7 12. a3 Rc8 13. Nf4 Ne5 14. Qd4 Neg4
15. Bxg4 Bxg4 16. f3 e5 17. Qxd6 exf4 18. Qxf4 Rxc3 19. bxc3 O-O 20. Bd4 Qxa3+
21. Kd2 Qe7 22. fxg4 Nxe4+ 23. Kd3 Nc5+ 24. Kd2 Ne4+ 1/2-1/2

[Event "ThEM Meisterturnier"]
[Site "?"]
[Date "2000.04.20"]
[Round "2"]
[White "Manger, Hans-Gerald"]
[Black "Krämer, Martin"]
[Result "1/2-1/2"]
[WhiteElo "2011"]
[BlackElo "1823"]
[PlyCount "44"]
[EventDate "2000.??.??"]

1. d4 Nf6 2. c4 g6 3. Nc3 Bg7 4. e4 d6 5. h3 O-O 6. Bd3 e5 7. d5 Nh5 8. g4 Nf4
9. Bxf4 exf4 10. Qd2 g5 11. Nf3 Nd7 12. O-O-O Ne5 13. Nxe5 Bxe5 14. f3 c6 15.
Kb1 Rb8 16. Ne2 Bd7 17. h4 f6 18. hxg5 fxg5 19. Rh6 Be8 20. Rdh1 Bg6 21. Nc3
Qf6 22. Qh2 Rf7 1/2-1/2

[Event "ThEM Meisterturnier"]
[Site "?"]
[Date "2000.04.20"]
[Round "2"]
[White "Sieber, Stefan"]
[Black "Rohmeiß, Roberto"]
[Result "1-0"]
[WhiteElo "2005"]
[BlackElo "2153"]
[PlyCount "125"]
[EventDate "2000.??.??"]

1. e4 d6 2. d4 Nf6 3. f3 g6 4. c4 Bg7 5. Nc3 c6 6. Be3 a6 7. Qd2 b5 8. d5 bxc4
9. Bxc4 c5 10. Nge2 Nbd7 11. Bh6 Bxh6 12. Qxh6 Qb6 13. Qd2 Qb4 14. b3 Ne5 15.
Na4 Nxc4 16. Qxb4 cxb4 17. bxc4 Bd7 18. Nb2 O-O 19. Kd2 Rfc8 20. Rhc1 Rab8 21.
Nd3 e6 22. Nd4 Kf8 23. Nb3 exd5 24. exd5 Bf5 25. Na5 Bxd3 26. Kxd3 Nd7 27. Rab1
Rb6 28. Rc2 Nc5+ 29. Kd4 Nb7 30. Nc6 a5 31. Rcb2 Nc5 32. Nxa5 Ra6 33. Nc6 Ra3
34. Nxb4 Rb8 35. Rd1 Na6 36. Rd3 Ra4 37. a3 Nxb4 38. Rxb4 Rbxb4 39. axb4 Rxb4
40. Rd2 Ke7 41. Ra2 Rb7 42. Kc3 h5 43. Ra5 Rc7 44. Kb4 Rb7+ 45. Rb5 Ra7 46. Rb6
Ra2 47. Kb5 Rxg2 48. Kc6 Rc2 49. Rb7+ Kf8 50. Kxd6 Rxc4 51. Kd7 Rd4 52. d6 Rd2
53. h4 Rd3 54. Kc7 Rc3+ 55. Kd8 g5 56. d7 gxh4 57. Rc7 Ra3 58. Rc8 Ra7 59. Rb8
Kg7 60. Ke8 Rxd7 61. Kxd7 Kg6 62. Rb2 Kg5 63. Rh2 1-0

[Event "ThEM  Hauptturnier"]
[Site "?"]
[Date "2000.04.20"]
[Round "3"]
[White "Wiegner, Denis"]
[Black "Rudnizki, Sergej"]
[Result "1/2-1/2"]
[WhiteElo "2194"]
[BlackElo "1975"]
[PlyCount "40"]
[EventDate "2000.??.??"]

1. Nf3 Nf6 2. d4 g6 3. Bg5 Bg7 4. Nbd2 O-O 5. e4 d6 6. Bd3 Nbd7 7. O-O e5 8. c3
h6 9. Bxf6 Qxf6 10. Nc4 Re8 11. Ne3 c6 12. d5 c5 13. a4 Qd8 14. Nd2 h5 15. a5
Bh6 16. Qe2 Nf6 17. h3 h4 18. Ndc4 Nh5 19. Nf5 Bxf5 20. exf5 Nf4 1/2-1/2

[Event "ThEM  Hauptturnier"]
[Site "?"]
[Date "2000.04.20"]
[Round "3"]
[White "Kirste, Olaf"]
[Black "Aepfler, Christian"]
[Result "0-1"]
[WhiteElo "1845"]
[BlackElo "2168"]
[PlyCount "76"]
[EventDate "2000.??.??"]

1. c4 e6 2. Nc3 d5 3. cxd5 exd5 4. d4 Nf6 5. Bg5 Be7 6. e3 c6 7. Bd3 O-O 8. Qc2
Nbd7 9. Nge2 Re8 10. O-O Nf8 11. Rab1 g6 12. b4 Ne6 13. Bh4 Bd7 14. Rfc1 b5 15.
a4 a6 16. axb5 axb5 17. Qb2 Qb8 18. Ra1 Qb7 19. h3 Ng7 20. Bg3 Bf5 21. Bxf5
Nxf5 22. Bh2 Nd6 23. Nf4 Nc4 24. Qb3 Ra7 25. Nd3 Rea8 26. Rxa7 Rxa7 27. Nb1 Ne4
28. Rc2 Qa8 29. Nc1 Ra4 30. Na2 Qf8 31. f3 Nf6 32. e4 Bxb4 33. exd5 cxd5 34.
Bf4 Qe7 35. Bg3 Be1 36. Bxe1 Qxe1+ 37. Kh2 Ne3 38. Rc1 Qf2 0-1

[Event "ThEM  Hauptturnier"]
[Site "?"]
[Date "2000.04.20"]
[Round "3"]
[White "Taudte, Stefan"]
[Black "Rauhut, Frank"]
[Result "1/2-1/2"]
[WhiteElo "2003"]
[BlackElo "1906"]
[PlyCount "38"]
[EventDate "2000.??.??"]

1. d4 d5 2. c4 c6 3. cxd5 cxd5 4. Nc3 Nf6 5. Nf3 Nc6 6. e3 e6 7. Bd3 Be7 8. O-O
O-O 9. Bd2 a6 10. Rc1 Bd7 11. Ne5 Be8 12. f4 g6 13. Be1 Nh5 14. g4 Ng7 15. Kg2
Nxe5 16. fxe5 f6 17. exf6 Rxf6 18. Rxf6 Bxf6 19. Bg3 Bc6 1/2-1/2

[Event "ThEM  Hauptturnier"]
[Site "?"]
[Date "2000.04.20"]
[Round "3"]
[White "Gehlhaar, Christian"]
[Black "Dorn, Karl-Heinz"]
[Result "1/2-1/2"]
[WhiteElo "1775"]
[BlackElo "2003"]
[PlyCount "45"]
[EventDate "2000.??.??"]

1. e4 e5 2. Bc4 Nf6 3. d4 exd4 4. Nf3 Nc6 5. e5 Ne4 6. Bd5 Nc5 7. O-O Ne6 8. b3
Be7 9. Bb2 O-O 10. Bxc6 bxc6 11. Nxd4 Nxd4 12. Qxd4 c5 13. Qd3 d5 14. exd6 Bxd6
15. Nd2 Bb7 16. Ne4 Bxe4 17. Qxe4 Re8 18. Qg4 Be5 19. Rad1 Qc8 20. Qxc8 Raxc8
21. Bxe5 Rxe5 22. Rd2 c4 23. Rd4 1/2-1/2

[Event "ThEM  Hauptturnier"]
[Site "?"]
[Date "2000.04.20"]
[Round "3"]
[White "Petiko, Jakob"]
[Black "Steinmetzer, Peter"]
[Result "1-0"]
[WhiteElo "1888"]
[BlackElo "1922"]
[PlyCount "58"]
[EventDate "2000.??.??"]

1. e4 Nf6 2. Nc3 e5 3. g3 Nc6 4. Bg2 Bc5 5. Nge2 a6 6. O-O d6 7. d3 Be6 8. Nd5
Bxd5 9. exd5 Ne7 10. d4 exd4 11. Nxd4 Qd7 12. Re1 O-O-O 13. Nb3 Bb6 14. Be3
Bxe3 15. Rxe3 Ng6 16. Qd4 Kb8 17. Na5 Ka8 18. Nc6 bxc6 19. Ra3 c5 20. Qc4 Qc8
21. Rxa6+ Qxa6 22. Qxa6+ Kb8 23. b4 c4 24. b5 Nd7 25. Rb1 Nc5 26. Qa5 Nb7 27.
Qb4 Rd7 28. b6 cxb6 29. Qxb6 Ne7 {[%emt 0:01:00] (102)} 1-0

[Event "ThEM  Hauptturnier"]
[Site "?"]
[Date "2000.04.20"]
[Round "3"]
[White "Umpfenbach, Carolin"]
[Black "Pfitzenreuter, Gerald"]
[Result "1-0"]
[WhiteElo "1882"]
[BlackElo "2035"]
[PlyCount "93"]
[EventDate "2000.??.??"]

1. d4 d5 2. c4 c6 3. Nc3 Nf6 4. Nf3 e6 5. e3 Nbd7 6. Bd3 dxc4 7. Bxc4 b5 8. Bb3
Bb7 9. O-O b4 10. Na4 c5 11. dxc5 Bxc5 12. Nxc5 Nxc5 13. Ba4+ Ke7 14. a3 Qxd1
15. Bxd1 b3 16. Be2 Rad8 17. Nd4 Nfe4 18. f3 Nd6 19. Bd2 e5 20. Bb4 Rc8 21. Nb5
Nxb5 22. Bxb5 Kf6 23. Rfd1 Ne6 24. Bc3 Bc6 25. Ba6 Rcd8 26. f4 Rxd1+ 27. Rxd1
Ke7 28. Bxe5 Rd8 29. Rxd8 Kxd8 30. Bb8 Nc5 31. Bc4 Na4 32. Bxa7 Nxb2 33. Bxb3
f6 34. Bd4 Na4 35. Kf2 Kd7 36. e4 Kd6 37. e5+ Ke7 38. g4 fxe5 39. fxe5 Be8 40.
Ke3 Bc6 41. Kd3 Bb5+ 42. Bc4 Be8 43. Kc2 Kd8 44. Kb3 Kc7 45. Kb4 Nb6 46. Bxb6+
Kxb6 47. a4 1-0

[Event "ThEM  Hauptturnier"]
[Site "?"]
[Date "2000.04.20"]
[Round "3"]
[White "Krug, Klaus-Peter"]
[Black "Gebuhr, Günter"]
[Result "1-0"]
[WhiteElo "1931"]
[BlackElo "1858"]
[PlyCount "45"]
[EventDate "2000.??.??"]

1. e4 c5 2. f4 e6 3. Nc3 Nc6 4. Nf3 Nge7 5. d4 cxd4 6. Nxd4 Nxd4 7. Qxd4 Nc6 8.
Qf2 Bb4 9. Bd2 O-O 10. Bd3 d6 11. O-O-O Bc5 12. Qg3 f5 13. exf5 exf5 14. Nd5
Be6 15. Bc4 Qd7 16. Bc3 Bxd5 17. Rxd5 Kh8 18. Rhd1 Qc7 19. Rxd6 Bxd6 20. Rxd6
Rad8 21. Rh6 Nd4 22. Rxh7+ Kxh7 23. Qh4+ 1-0

[Event "ThEM  Hauptturnier"]
[Site "?"]
[Date "2000.04.20"]
[Round "3"]
[White "Thielen, Dieter"]
[Black "Gräf, Michael"]
[Result "0-1"]
[WhiteElo "1881"]
[BlackElo "1920"]
[PlyCount "58"]
[EventDate "2000.??.??"]

1. e4 c6 2. d4 d5 3. exd5 cxd5 4. c4 Nf6 5. Nc3 e6 6. Nf3 Be7 7. c5 O-O 8. Ne5
Bd7 9. Bd3 b6 10. b4 a5 11. Ba3 axb4 12. Bxb4 bxc5 13. dxc5 Qc7 14. Nxd7 Nbxd7
15. O-O Bxc5 16. Bxc5 Nxc5 17. Nb5 Qa5 18. a4 Nfe4 19. Bxe4 Nxe4 20. Qc2 Rfc8
21. Qb2 Rc4 22. f3 Nf6 23. Qe5 Qb6+ 24. Kh1 Nd7 25. Qg3 Rcxa4 26. Rab1 Qd8 27.
Nd6 Qf6 28. h4 Rxh4+ 29. Kg1 Qh6 0-1

[Event "ThEM  Hauptturnier"]
[Site "?"]
[Date "2000.04.20"]
[Round "3"]
[White "Peil, Jörg"]
[Black "Buring, Matthias"]
[Result "0-1"]
[WhiteElo "1817"]
[BlackElo "1904"]
[PlyCount "64"]
[EventDate "2000.??.??"]

1. c4 e5 2. Nc3 Nf6 3. e4 Bc5 4. h3 O-O 5. Nf3 Nc6 6. d3 h6 7. Be3 d6 8. a3 a5
9. Qd2 Nd4 10. Bxd4 Bxd4 11. Nxd4 exd4 12. Nb5 c5 13. Qf4 Ra6 14. Be2 Re8 15.
O-O-O a4 16. g4 Bd7 17. Nxd6 Qb8 18. e5 Rxd6 19. exd6 Rxe2 20. Rhg1 Nh7 21. h4
Re6 22. g5 Qxd6 23. Qf3 Bc6 24. Qf5 hxg5 25. hxg5 Re5 26. Qc8+ Re8 27. Qh3 Qf4+
28. Kb1 Nxg5 29. Qf1 Nf3 30. Rxg7+ Kxg7 31. Qh3 Rh8 32. Qg2+ Ng5 0-1

[Event "ThEM  Hauptturnier"]
[Site "?"]
[Date "2000.04.20"]
[Round "3"]
[White "Fuchs, Antje"]
[Black "Lange, Corinna"]
[Result "1-0"]
[WhiteElo "2012"]
[BlackElo "1747"]
[PlyCount "55"]
[EventDate "2000.??.??"]

1. e4 e6 2. d4 d5 3. Nc3 Bb4 4. e5 Ne7 5. a3 Bxc3+ 6. bxc3 c5 7. Nf3 Nbc6 8.
Be2 O-O 9. O-O Bd7 10. Bd3 Nf5 11. Rb1 b6 12. dxc5 bxc5 13. Bxf5 exf5 14. Qxd5
Rc8 15. Bg5 Qc7 16. Rfd1 Nb8 17. Be7 Be6 18. Qd6 Rfe8 19. Qxc7 Rxc7 20. Bd6
Rcc8 21. h3 Bc4 22. Rb7 Be2 23. Rd5 Bxf3 24. gxf3 a6 25. Bxc5 h6 26. f4 Red8
27. Rxd8+ Rxd8 28. Bd6 1-0

[Event "ThEM  Hauptturnier"]
[Site "?"]
[Date "2000.04.20"]
[Round "3"]
[White "Böhl, Dietmar"]
[Black "Bächer, Reinhard"]
[Result "0-1"]
[WhiteElo "1800"]
[BlackElo "1953"]
[PlyCount "58"]
[EventDate "2000.??.??"]

1. e4 c5 2. Nc3 Nc6 3. f4 e6 4. d3 d5 5. e5 Nge7 6. Nf3 Nf5 7. Ne2 Bd7 8. c3
Rc8 9. g4 Nh4 10. Ng3 Be7 11. g5 Nxf3+ 12. Qxf3 Qb6 13. Be2 a6 14. Nh5 Kf8 15.
Qh3 Qd8 16. Nf6 d4 17. Rg1 c4 18. Nxh7+ Kg8 19. Qg3 Rxh7 20. h4 dxc3 21. bxc3
cxd3 22. Bxd3 g6 23. Bd2 Bc5 24. Rh1 Ne7 25. Ke2 Nf5 26. Bxf5 exf5 27. a4 Be6
28. Rae1 Bc4+ 29. Kd1 Qa5 0-1

[Event "ThEM  Hauptturnier"]
[Site "?"]
[Date "2000.04.20"]
[Round "3"]
[White "Siegl, Detlef"]
[Black "Grüner, Nico"]
[Result "1-0"]
[WhiteElo "1718"]
[BlackElo "1089"]
[PlyCount "75"]
[EventDate "2000.??.??"]

1. e4 c5 2. Nf3 Nc6 3. d4 cxd4 4. Nxd4 g6 5. c4 Bg7 6. Be3 Nf6 7. Nc3 Ng4 8.
Nxc6 Nxe3 9. Nxd8 Nxd1 10. Nxd1 Kxd8 11. Rb1 d6 12. Ne3 Be6 13. Be2 Bh6 14. Nc2
Rc8 15. Na3 a6 16. O-O Rf8 17. Rfd1 Kc7 18. b3 f5 19. Bd3 fxe4 20. Bxe4 Bf5 21.
Bxf5 Rxf5 22. Rb2 Rcf8 23. Re2 R5f7 24. Nc2 Bg7 25. Nb4 Be5 26. Rde1 Kd7 27.
Rd1 Kc7 28. Nd5+ Kc6 29. Nb4+ Kc7 30. Nc2 Kb6 31. Ne3 Kc5 32. Rd5+ Kc6 33. f3
h5 34. Nc2 Rf6 35. Nb4+ Kc7 36. Rd1 Re6 37. Kf2 Rff6 38. Nd5+ 1-0

[Event "ThEM  Hauptturnier"]
[Site "?"]
[Date "2000.04.20"]
[Round "3"]
[White "Manger, Erika"]
[Black "Kreutzmann, Henry"]
[Result "0-1"]
[WhiteElo "1310"]
[BlackElo "1710"]
[PlyCount "48"]
[EventDate "2000.??.??"]

1. c4 Nf6 2. Nc3 e6 3. g3 d5 4. cxd5 exd5 5. d4 c6 6. Bg2 Bg4 7. Nf3 Bd6 8. O-O
O-O 9. Be3 Nbd7 10. Qd2 Re8 11. Bf4 Bb4 12. a3 Ne4 13. Qc2 Nxc3 14. bxc3 Ba5
15. Rfe1 Qf6 16. Bd2 h6 17. e4 dxe4 18. Ne5 Nxe5 19. dxe5 Rxe5 20. Bxe4 Rae8
21. Bg2 Bb6 22. Rxe5 Qxf2+ 23. Kh1 Rxe5 24. Qd3 Re2 0-1

[Event "ThEM  Meisterturnier"]
[Site "?"]
[Date "2000.04.20"]
[Round "3"]
[White "Rohmeiß, Roberto"]
[Black "Fischer, Kay"]
[Result "0-1"]
[WhiteElo "2153"]
[BlackElo "2009"]
[PlyCount "52"]
[EventDate "2000.??.??"]

1. d4 e6 2. c4 b6 3. Nc3 Bb7 4. e3 Nf6 5. Nf3 Bb4 6. Be2 Ne4 7. Qb3 c5 8. O-O
Bxc3 9. bxc3 d6 10. a4 Nc6 11. a5 O-O 12. axb6 Qxb6 13. Qc2 Ne7 14. Ba3 Qc6 15.
Rfd1 f5 16. Ne1 Ng5 17. f3 Ng6 18. dxc5 dxc5 19. Nd3 Nh4 20. Nxc5 Nxg2 21. Kxg2
Nxf3 22. Kf2 Nh4 23. Rg1 Qc7 24. Nxb7 Qxh2+ 25. Kf1 f4 26. Bxf8 Rxf8 0-1

[Event "ThEM  Meisterturnier"]
[Site "?"]
[Date "2000.04.20"]
[Round "3"]
[White "Pähtz, Thomas"]
[Black "Sieber, Stefan"]
[Result "1/2-1/2"]
[WhiteElo "2213"]
[BlackElo "2005"]
[PlyCount "90"]
[EventDate "2000.??.??"]

1. e4 c5 2. Nf3 d6 3. d4 cxd4 4. Nxd4 Nf6 5. Nc3 a6 6. Be3 Ng4 7. Bc1 Nc6 8.
Be2 Qb6 9. Bxg4 Bxg4 10. Qxg4 Nxd4 11. Qd1 Ne6 12. O-O g6 13. Nd5 Qc6 14. f4
Nc7 15. Be3 Bg7 16. Bd4 e5 17. fxe5 Nxd5 18. Qf3 O-O 19. exd5 Qxc2 20. Qe3 dxe5
21. Bxe5 Rfe8 22. Rac1 Rxe5 23. Qxe5 Qxc1 24. Qxg7+ Kxg7 25. Rxc1 Rd8 26. Rc7
b5 27. Rc5 Rd6 28. Kf2 Kf6 29. Ke3 Ke5 30. Rc7 Rxd5 31. Rxf7 Rd1 32. Rxh7 Rb1
33. Re7+ Kf6 34. Ra7 Rxb2 35. Rxa6+ Kf5 36. Kf3 b4 37. g4+ Kg5 38. Kg3 Kh6 39.
h4 Kg7 40. Kf4 b3 41. Kg5 bxa2 42. Rxg6+ Kh7 43. Ra6 Rb5+ 44. Kf4 Rb4+ 45. Kf3
Rb3+ 1/2-1/2

[Event "ThEM  Meisterturnier"]
[Site "?"]
[Date "2000.04.20"]
[Round "3"]
[White "Krämer, Martin"]
[Black "Hänsel, Thomas"]
[Result "0-1"]
[WhiteElo "1823"]
[BlackElo "2221"]
[PlyCount "134"]
[EventDate "2000.??.??"]

1. e4 c5 2. d4 cxd4 3. c3 dxc3 4. Nxc3 Nc6 5. Nf3 d6 6. Bc4 a6 7. O-O Nf6 8.
Bg5 e6 9. Qe2 b5 10. Bb3 Ra7 11. Rac1 Bd7 12. Rfd1 Be7 13. Bf4 Qb8 14. Qd3 Ne5
15. Nxe5 dxe5 16. Be3 Rb7 17. f3 O-O 18. Rc2 Rd8 19. Rcd2 Be8 20. Qc2 Rxd2 21.
Rxd2 Rd7 22. a3 h6 23. Na2 Rxd2 24. Qxd2 Qc7 25. Nb4 Qb7 26. Nd3 Qc7 27. Nb4 a5
28. Na6 Qd8 29. Qxd8 Bxd8 30. Kf2 Bc6 31. Nc5 Be7 32. Ke2 g5 33. h3 Kg7 34. g4
Kg6 35. Bc2 h5 36. b4 axb4 37. axb4 h4 38. Bd3 Ne8 39. Bd2 Nc7 40. Bc3 f6 41.
Bd2 Bxc5 42. bxc5 Na6 43. Be3 Kf7 44. Kd2 Ke7 45. Kc3 Kd7 46. Bc2 Bb7 47. Bb3
Bc8 48. Bd1 Kc6 49. Be2 Bd7 50. Kb3 Be8 51. Kc3 Bg6 52. Kb3 Be8 53. Kc3 Kb7 54.
Kb3 Nb8 55. Kc3 Ka6 56. Bd3 Nc6 57. Kb3 Bd7 58. Bf2 Ka5 59. Be1+ b4 60. Kc4 Bc8
61. Kb3 Nd4+ 62. Kb2 Nxf3 63. Bf2 Nd4 64. Bxd4 exd4 65. Kb3 e5 66. Bc4 Bd7 67.
Kb2 Bb5 0-1

[Event "ThEM  Meisterturnier"]
[Site "?"]
[Date "2000.04.20"]
[Round "3"]
[White "Kirschbaum, Gunnar"]
[Black "Manger, Hans-Gerald"]
[Result "1/2-1/2"]
[WhiteElo "2111"]
[BlackElo "2011"]
[PlyCount "147"]
[EventDate "2000.??.??"]

1. d4 d5 2. c4 c6 3. Nf3 Nf6 4. Qc2 e6 5. Bg5 Nbd7 6. cxd5 exd5 7. Nc3 Bd6 8.
e3 O-O 9. Bd3 h6 10. Bh4 Re8 11. Bg3 Qe7 12. Bxd6 Qxd6 13. O-O b6 14. Rab1 Bb7
15. b4 Qe7 16. Bf5 Ne4 17. Rfc1 Nef6 18. a4 g6 19. Bd3 Ne4 20. Bxe4 dxe4 21.
Nd2 f5 22. a5 Qe6 23. Ne2 g5 24. Qc4 Kg7 25. Qxe6 Rxe6 26. d5 Rf6 27. dxc6 Bxc6
28. Nd4 Ne5 29. b5 Bd5 30. Rc7+ Kg6 31. a6 Nd3 32. f3 Nc5 33. fxe4 Nxe4 34.
Nxe4 Bxe4 35. Rbc1 Rf7 36. Rxf7 Kxf7 37. Rc7+ Kf6 38. Kf2 h5 39. g3 Kg6 40. h4
g4 41. Ne6 Kh6 42. Ke2 Bd5 43. Nf4 Be4 44. Kd2 Rd8+ 45. Kc3 Rd1 46. Rxa7 Rc1+
47. Kd4 Rc5 48. Ne6 Rxb5 49. Rd7 Kg6 50. Nc7 Rb3 51. Rd6+ Kg7 52. a7 Ra3 53.
Nb5 Ra6 54. Kc3 Bg2 55. Kb4 Be4 56. Rd8 Bc6 57. Rb8 Be4 58. Re8 Bc6 59. Re7+
Kf6 60. Re6+ Kxe6 61. Nc7+ Ke5 62. Nxa6 Ke4 63. Nb8 Ba8 64. Nd7 Kxe3 65. Nxb6
Bb7 66. Nc4+ Kf3 67. Nd6 Kxg3 68. Nxb7 Kh2 69. a8=Q g3 70. Nd6 g2 71. Qa2 Kh1
72. Qd5 Kh2 73. Qe5+ Kh1 74. Qd5 1/2-1/2

[Event "ThEM  Meisterturnier"]
[Site "?"]
[Date "2000.04.20"]
[Round "3"]
[White "Seidel, Thomas"]
[Black "Recknagel, Michael"]
[Result "1/2-1/2"]
[WhiteElo "1923"]
[BlackElo "2212"]
[PlyCount "86"]
[EventDate "2000.??.??"]

1. e4 c6 2. d4 d5 3. Nc3 dxe4 4. Nxe4 Nd7 5. Qe2 e6 6. Nf3 Ngf6 7. c3 Be7 8. g3
b6 9. Bg2 Bb7 10. O-O O-O 11. Nxf6+ Bxf6 12. Ne5 Rc8 13. Re1 Be7 14. Nxd7 Qxd7
15. Qg4 c5 16. Bxb7 Qxb7 17. Be3 Rfd8 18. Rad1 c4 19. Bg5 Bxg5 20. Qxg5 Rd5 21.
Qf4 Qa6 22. a3 Qb5 23. Rd2 Rcd8 24. Rde2 h6 25. Qe4 a5 26. Qc2 Rf5 27. Re5 Rd5
28. f4 Qc6 29. Rxf5 Rxf5 30. Qg2 Qa4 31. Qa8+ Kh7 32. Qe4 g6 33. Rf1 Qd7 34.
Rf2 Rd5 35. Kg2 b5 36. h3 b4 37. axb4 axb4 38. g4 f5 39. Qe2 Qc6 40. Kg3 bxc3
41. bxc3 Rb5 42. Qe1 Kg7 43. Re2 Kf7 1/2-1/2

[Event "ThEM  Hauptturnier "]
[Site "?"]
[Date "2000.04.21"]
[Round "4"]
[White "Gräf, Michael"]
[Black "Kirste, Olaf"]
[Result "1/2-1/2"]
[WhiteElo "1920"]
[BlackElo "1845"]
[PlyCount "26"]
[EventDate "2000.??.??"]

1. d4 d5 2. Nf3 e6 3. e3 Nf6 4. Bd3 Be7 5. Nbd2 b6 6. Ne5 O-O 7. O-O Bb7 8. f4
Ne4 9. Qf3 f5 10. Qh3 Nd7 11. Ndf3 Nxe5 12. Nxe5 Rf6 13. Qh5 Qe8 1/2-1/2

[Event "ThEM  Hauptturnier"]
[Site "?"]
[Date "2000.04.21"]
[Round "4"]
[White "Grüner, Nico"]
[Black "Manger, Erika"]
[Result "0-1"]
[WhiteElo "1089"]
[BlackElo "1310"]
[PlyCount "37"]
[EventDate "2000.??.??"]

1. e4 e6 2. d4 d5 3. exd5 exd5 4. Nf3 Nf6 5. Bg5 Be7 6. Bd3 O-O 7. h3 h6 8. Bh4
Nh5 9. Bxe7 Qxe7+ 10. Be2 Nf4 11. Nc3 Nxg2+ 12. Kf1 Nf4 13. Bb5 c6 14. Ba4
Bxh3+ 15. Kg1 Qe6 16. Nh4 Qf6 17. Qf3 Qxh4 18. Nd1 Qg5+ 19. Qg3 0-1

[Event "ThEM  Hauptturnier"]
[Site "?"]
[Date "2000.04.21"]
[Round "4"]
[White "Aepfler, Christian"]
[Black "Wieger, Denis"]
[Result "1/2-1/2"]
[WhiteElo "2168"]
[BlackElo "2194"]
[PlyCount "31"]
[EventDate "2000.??.??"]

1. e4 e6 2. d4 d5 3. Nd2 Nf6 4. e5 Nfd7 5. Bd3 c5 6. c3 Nc6 7. Ne2 Qb6 8. Nf3
cxd4 9. cxd4 f6 10. Nc3 fxe5 11. dxe5 g6 12. O-O Bg7 13. Be3 Qa5 14. Nb5 O-O
15. Bd2 Qb6 16. Be3 1/2-1/2

[Event "ThEM  Hauptturnier"]
[Site "?"]
[Date "2000.04.21"]
[Round "4"]
[White "Kreutzmann, Henry"]
[Black "Böhl, Dietmar"]
[Result "1-0"]
[WhiteElo "1710"]
[BlackElo "1800"]
[PlyCount "67"]
[EventDate "2000.??.??"]

1. e4 c5 2. Nf3 d6 3. d4 cxd4 4. Nxd4 Nf6 5. Nc3 a6 6. Be2 e5 7. Nb3 Be7 8. Be3
O-O 9. f3 Be6 10. Qd2 Qc7 11. O-O Nbd7 12. Nd5 Bxd5 13. exd5 b5 14. a4 bxa4 15.
Rxa4 Nb6 16. Rxa6 Rxa6 17. Bxa6 Nbxd5 18. Bf2 Rb8 19. Bd3 Nb4 20. Bh4 d5 21.
Re1 Nxd3 22. Qxd3 e4 23. fxe4 Nxe4 24. Bxe7 Qxe7 25. Qxd5 Qa7+ 26. Qd4 Qxd4+
27. Nxd4 Nc5 28. b4 Nd7 29. Re7 Nf6 30. Nc6 Ra8 31. b5 h5 32. b6 Nd5 33. b7 Rf8
34. Rd7 1-0

[Event "ThEM  Hauptturnier"]
[Site "?"]
[Date "2000.04.21"]
[Round "4"]
[White "Gebuhr, Günter"]
[Black "Siegl, DEtlef"]
[Result "1/2-1/2"]
[WhiteElo "1858"]
[BlackElo "1718"]
[PlyCount "57"]
[EventDate "2000.??.??"]

1. e4 e5 2. Nf3 Nf6 3. d4 Nxe4 4. Bd3 d5 5. Nxe5 Bd6 6. O-O O-O 7. c4 Bxe5 8.
dxe5 Be6 9. Qh5 g6 10. Qf3 f5 11. Rd1 Nc6 12. Bxe4 fxe4 13. Qg3 Nb4 14. Bg5 Qe8
15. Nc3 Nd3 16. Rd2 c6 17. Bf6 Qf7 18. f3 Bf5 19. fxe4 dxe4 20. b3 Rae8 21.
Rad1 Qe6 22. Ne2 Bg4 23. Nd4 Qd7 24. Rxd3 Bxd1 25. Rxd1 c5 26. Qe3 Rf7 27. Rd2
cxd4 28. Rxd4 Qf5 29. h3 1/2-1/2